000
00331nam a22001457a 4500
020
_a
978-1-84427-341-1
082
_a
641.6
_b
CLE
100
_a
CLEVELY, ANDI
245
_a
COOKING WITH HERBS & SPIAS
260
_a
DELHI
_b
ANNESS PUBLISHER
_c
2009
300
_a
512
650
_a
COOKERY
653
_a
COOKING,HERBS
942
_2
ddc
_c
BK
999
_c
8092
_d
8092